000 01696 a2200253 4500
001 53107
005 20260407155805.0
008 260407a2005 arg spa d
003 AR-UNSa-BCEJYS
040 _aAR-UNSa-BCEJYS
_bspa
_cAR-UNSa-BCEJYS
080 _a330.43
_xEconometría
245 1 0 _aEconometría
020 _a970-10-5091-6
264 1 _aMéxico :
_bMcGraw-Hill/Interamericana
_c2005
300 _axv, 444 p.
_c23 cm.
505 _aI. Introducción a la econometría: 1. Conceptos de econometría - 2. Realización de un proyecto de econometría - II. Probabilidad y estadística: 3. Variables aleatorias - 4. Estimación - 5. Prueba de hipótesis - III. Regresión de mínimos cuadrados: 6. Mínimos cuadrados ordinarios - 7. Propiedades de los estimadores de mínimos cuadrados - 8. Regresión multivariada - IV. Especificaión del modelos econométrico: 9. Selección de una forma funcional - 10. Determinación de la especificación econométrica - 11. Modelos con cambios estructurales - V. Extensiones de la regresión de mínimos cuadrados: 12. Autocorrelación - 13. Heteroscedasticidad - 14. Variables endógenas del lado derecho - VI. Temas avanzados: 15. Ecuaciones simultáneas - 16. Pronósticos - 17. Variables económicas como procesos - 18. Modelos no lineales - 19. Variables ficticias dependientes - 20. Variables dependientes cualitativas y limitadas
041 _aspa
942 _cBK
590 _aniveau_biblio:m niveau_hierar:0
100 1 _aSchmidt, Stephen J.
700 1 _aPecina Hernández, José C.
700 1 _aPineda Ayala, Leticia Esther
856 4 1 _uhttps://biblioeco.unsa.edu.ar/pmb/images/libros/L128514.jpg
_yImagen de portada
_qimage/jpeg
999 _c5090
_d5090